000 00683nam a22002297a 4500
003 UA-OsUOA
001 75226
007 ta
008 20110513b un ||||| |||| 00| 0 ukr d
090 _a82.09(477)(08)
_bН53
942 _cBK
040 _aUA-OsUOA
_bukr
_cUA-OsUOA
_dUA-OsUOA
245 _aНепідвладний часові: Збірник на пошану професора Михайла Шалати
300 _a360 с.
955 _a1
041 _aukr
080 _a82.09(477)(08)
020 _a966-7996-65-4
260 _aДрогобич
_bКоло
_c2007
650 7 _a82 Література. Літературознавство
_2UDC
999 _c361523
_d361523